000 00566nam a2200181Ia 4500
008 151018s9999 xx 000 0 und d
082 _bRBASDV17729
_a891.463
100 _aअशोक थोरे
245 _aदोन जादुगार
250 _b1
260 _bगुलमोहर प्रकाशन सातारा
_c1983
300 _a24
600 _aअशोक थोरे
630 _aदोन जादुगार
700 _aअशोक थोरे
730 _aदोन जादुगार
942 _cBOOK
999 _c1018407
_d1018404